| 000 | 00577nam a2200193 a 4500 | ||
|---|---|---|---|
| 005 | 20240806064032.0 | ||
| 008 | 040305s1976 mx r 000 0 spa d | ||
| 035 | _aUPN01000132516 | ||
| 049 | _aCG | ||
| 050 | 4 |
_aPS3569 P6.6 _bR4 |
|
| 100 | 1 | _aSpooner, John D. | |
| 245 | 1 | 3 |
_aEl rey de los terrores / _cJohn D. Spooner ; tr. Floreal Mazía. |
| 260 |
_aBuenos Aires : _bOrión, _cc1976. |
||
| 300 | _a310 p. | ||
| 440 | 0 |
_aS.0.S. _pTestimonios del siglo XX |
|
| 534 |
_pTraducción de: _tThe king of terrors |
||
| 650 | 4 |
_aLiteratura estadounidense _95229 |
|
| 905 | _aLibro | ||
| 999 |
_c104670 _d104670 |
||